• 首页
  • 本馆介绍
  • 公告通知
  • 最新文献
  • 馆藏检索
  • 电子资源
  • 读者导购
  • 参考咨询
  • 我的图书馆
  • 登录
  • 详细信息显示
  • 放入我的书架
  • 预约/预借图书
  • 作者相关作品
  • 分类相关作品
  • 丛书相关作品
  • 出版社相关作品

书目信息

  • 表格格式
  • 工作单格式
  • 卡片格式
题名:
古汉语字词句浅说
    
 
作者: 章季涛 著
分册:  
出版信息: 北京   知识出版社  1986
页数: 158页
开本: 19cm
丛书名:
单 册:
中图分类: H141
科图分类:
主题词: 汉语--语法
电子资源:
ISBN:
000 00619nam0 2200241 45
001 0186017157
005 20040425111648.3
010    @dCNY0.90
091    @a9214.35
100    @a19900809d1986 em y0chiy0121 ea
101 0  @achi
102    @aCN@b110000
105    @ay z 000yy
106    @ar
200 10 @a古汉语字词句浅说@Agu han yu zi ci ju qian shuo@f章季涛著
210    @a北京@c知识出版社@d1986
215    @a158页@d19cm
606 0  @a汉语@x语法
690    @aH141
701  0 @a章季涛@Azhang ji tao@4著
801  0 @aCN@b深圳图书馆@c20040425
801  2 @aCN@bNLC@c20040425
905    @f2@b163796-797@dH141@e100
    
    古汉语字词句浅说/章季涛著.-北京:知识出版社,1986
    158页;19cm
    
    
    ISBN :CNY0.90
    
●
相关链接 在E读中查询图书 在五车中查询图书 在当当中查询图书 在豆瓣中查询图书


正题名:古汉语字词句浅说     索取号:H141/100         预约/预借

序号 登录号 条形码 馆藏地/架位号 状态 备注
1 0163796   000848266   密集书库/ [索取号:H141/100] 在馆    
2 0163797   000848186   第四借阅区/ [索取号:H141/100] 在馆    
3 0163798   000848220   第二样本阅览室/ [索取号:H141/100] 在馆    
唐山师范学院图书馆 欢迎您!
大连网信软件有限公司© 版权所有